000 00781nam a2200229Ii 4500
003 JO-AjNU
008 230605s9999||||xx |||||||||||||| ||und||
017 _a2002/15163
020 _a977-01-8101-3
040 _aJO-AjNU
_bara
_erda
_cJO-AjNU
041 _aara
050 1 4 _aBP190.5.J8.Q2252 2002
100 3 _aالقاضي، خالد محمد,
_eauthor
_920023
245 0 0 _aمن روائع الأدب القضائي، ج2
264 3 1 _aالقاهرة: الهيئة المصرية العامة للكتاب، 2002
300 _aج2، 319ص
336 _atext
_btxt
_2rdacontent
337 _aunmediated
_bn
_2rdamedia
338 _avolume
_bnc
_2rdacarrier
490 0 _aسلسلة الاعمال الخاصة
650 4 _aالقضاء في الاسلام- قضاة
_920024
999 _aA6714
_c10282
_d10282